| Tag |
First Indicator |
Second Indicator |
Subfields |
| LEADER |
00000cam a2200000 4500 |
| 001 |
in00001040021 |
| 005 |
20150928123632.0 |
| 008 |
720927s1945 at a 000 0 eng u |
| 010 |
|
|
|a a 48003148
|
| 035 |
|
|
|a (OCoLC)00418888
|
| 035 |
|
|
|9 AFG6622AM
|
| 040 |
|
|
|c WSU
|d TXA
|d UtOrBLW
|
| 049 |
|
|
|a TXAS [mil]
|
| 090 |
|
|
|a DU22
|b .D5 1945
|
| 245 |
0 |
0 |
|a Displaying New Guinea to the Philippines :
|b a pictorial record of native life and many scenes encountered in the course of the S.W. Pacific campaign.
|
| 264 |
|
1 |
|a [Sydney] :
|b Australia Story Trust,
|c [1945]
|
| 264 |
|
4 |
|c ©1945
|
| 300 |
|
|
|a 256 pages :
|b illustrations ;
|c 34 cm.
|
| 336 |
|
|
|a text
|b txt
|2 rdacontent
|
| 337 |
|
|
|a unmediated
|b n
|2 rdamedia
|
| 338 |
|
|
|a volume
|b nc
|2 rdacarrier
|
| 651 |
|
0 |
|a New Guinea
|v Pictorial works.
|
| 651 |
|
0 |
|a Oceania
|v Pictorial works.
|
| 651 |
|
0 |
|a Philippines
|v Pictorial works.
|
| 650 |
|
0 |
|a World War, 1939-1945
|v Pictorial works.
|
| 650 |
|
0 |
|a World War, 1939-1945
|x Campaigns
|z Oceania.
|
| 700 |
1 |
|
|a Tennent, George J.
|
| 700 |
1 |
|
|a Fox, Matt J.
|
| 999 |
|
|
|a MARS
|
| 999 |
f |
f |
|s c4660b52-381c-32ec-bed6-0cd3ebcbe14e
|i 77f84698-3a2c-35f0-8164-fa07e6dbcc81
|t 0
|
| 952 |
f |
f |
|p noncirc
|a Texas A&M University
|b College Station
|c Cushing Memorial Library & Archives
|d Cushing: Ragan Military (Does not check out)
|t 0
|e DU22 .D5 1945
|f Oversize
|h Library of Congress classification
|i unmediated -- volume
|
| 998 |
f |
f |
|a DU22 .D5 1945
|t 0
|l Cushing: Ragan Military (Does not check out)
|